| 000 | 00569nam a2200217Ia 4500 | ||
|---|---|---|---|
| 003 | OSt | ||
| 005 | 20220928145018.0 | ||
| 006 | a|||||r|||| 00| 0 | ||
| 007 | ta | ||
| 008 | 220927b |||||||| |||| 00| 0 eng d | ||
| 024 | _a78260 | ||
| 037 | _cTextual | ||
| 040 |
_aSDCL _cSDCL _beng |
||
| 041 |
_2eng _aeng |
||
| 082 | _aW691y7M70, L3 | ||
| 100 |
_aDeutscher Tamara Ed. _9511238 |
||
| 245 | 0 |
_aNot by politics alone _b The other Lenin. |
|
| 260 | _c1973 | ||
| 942 |
_hW691y7M70, L3 _cTEXL _2CC |
||
| 999 |
_c831479 _d831479 |
||